| 000 | 00907nmm a2200301 a 4500 | ||
|---|---|---|---|
| 003 | AR-BaBNM | ||
| 005 | 20251128202828.0 | ||
| 008 | 026019s1939 ||||||||||||||000 | spa|| | ||
| 040 | _cAR-BaBNM | ||
| 245 | 1 | 0 |
_aCantares tradicionales del Tucumán _bantología : de los cancioneros de Catamarca, Salta, Jujuy, Tucumán y La Rioja |
| 260 |
_aBuenos Aires _bBaiocco _c1939 |
||
| 300 | 0 |
_a204 p. _bil., láms. |
|
| 500 | 0 | _aIndice alfabético de autores citados al término del texto | |
| 650 | 4 | _aLITERATURA FOLKLORICA | |
| 650 | 4 | _aLITERATURA POPULAR | |
| 650 | 4 | _aCANCIONES FOLKLORICAS | |
| 650 | 4 | _aMUSICA FOLKLORICA | |
| 650 | 4 | _aANTOLOGIAS | |
| 650 | 4 | _aCANCIONES | |
| 651 | 4 | _aArgentina | |
| 651 | 4 | _aTucumán | |
| 653 | 0 | _aCANCIONEROS | |
| 653 | 0 | _aROMANCES | |
| 700 | 1 |
_aCarrizo, Juan Alfonso _ecompilador |
|
| 700 | 1 |
_aRougés, Alberto _ecolaborador |
|
| 942 | _cBK | ||
| 998 | _cisola | ||
| 999 |
_c774 _d774 |
||